| 000 | 01081nam a22003377a 4500 | ||
|---|---|---|---|
| 001 | 02000154687 | ||
| 003 | DO-SdBPM | ||
| 005 | 20251211082609.0 | ||
| 007 | ta | ||
| 008 | 180216b2005 sp ||||| |||| 00| 0 spa d | ||
| 020 | _a8449428920 (obra completa) | ||
| 020 | _a 8449428939 (v.1) | ||
| 020 | _a8449428947 (v.2) | ||
| 040 |
_aDO-SdBPM _bspa _cBPMSU _erda |
||
| 082 | 4 |
_a372.21 _bC912v 2005 _222 |
|
| 245 | 1 | 0 |
_aCreatividad y valores : _bmi casita de letras / _cdirección Carlos Gispert. |
| 246 | 1 | 3 | _aMi casita de letras. |
| 260 | _c | ||
| 264 |
_aBarcelona : _bEditorial Océano, _c2005 |
||
| 300 |
_a2 v.olumenes : _bilustraciones ; _c29 cm. |
||
| 336 |
_atexto _btxt _2rdacontent |
||
| 337 |
_asin mediación _bn _2rdamedia |
||
| 338 |
_avolumen _bnc _2rdacarrier |
||
| 505 | 0 | _av.1 : Taller de juguetes -- v.2 : Jugar y compartir. | |
| 590 | _aInventariado,. 2025/VM | ||
| 650 | 7 | _aEducación preescolar | |
| 650 | 7 | _aJardines infantiles | |
| 700 | 1 |
_aGispert, Carlos, _edirector |
|
| 910 | _aVMateo V. Control de calidad. BPMSU | ||
| 942 |
_2ddc _cBK |
||
| 999 |
_c12377 _d12377 |
||